| 000 | 00828cad a22002055a 4500 | ||
|---|---|---|---|
| 001 | L148309 | ||
| 008 | 090902e20090828xxko g 000 0 eng d | ||
| 035 | _a(Sirsi) u148309 | ||
| 041 | 0 | _aeng | |
| 100 | 1 | _aMorrison, Doug | |
| 245 | 0 | 0 |
_aOne-click wonders _h[electronic resource] |
| 260 | _c2009 | ||
| 490 |
_aProperty Week _v28 August 2009 |
||
| 520 | _aDiscusses online property websites. Focuses on auction websites in the UK, BidProp.co.uk and DiscountPropertyAuction.co.uk. Presents TheDistressedPropertyCompany.com and PropertyEarth.net, two websites offering new-build houses and repossessions at discount value. | ||
| 590 | _aKA | ||
| 651 | 4 |
_aUnited Kingdom _y |
|
| 690 |
_aAuctioneering _96218 |
||
| 856 | 4 | 0 |
_uhttps://www.propertyweek.com/ _zView the article free of charge at www.propertyweek.com... |
| 942 | _n0 | ||
| 999 |
_c81781 _d81781 |
||